Die soziallehren der christlichen Kirchen und Gruppen

Saved in:
Bibliographic Details
Main Author: Troeltsch, Ernst 1865-1923
Format: Book
Language:German
Published: Tubingen : J.C.B. Mohr, 1994
Edition:Neudruck der Ausgabe Tubingen 1912
Subjects:
Tags: Add Tag
No Tags, Be the first to tag this record!

MARC

LEADER 00000nam a2200000 i 4500
001 1/104901
008 000320s1994 ger d
020 |a 3-8252-1811-2 
035 |l 10059030 
040 |a GR-MY-UA  |b gre  |e aacr 
041 0 |a ger 
082 0 |a 261.83 
100 1 |a Troeltsch, Ernst  |d 1865-1923. 
245 1 4 |a Die soziallehren der christlichen Kirchen und Gruppen /  |c Ernst Troeltsch 
250 |a Neudruck der Ausgabe Tubingen 1912 
260 |a Tubingen :   |b J.C.B. Mohr,   |c 1994 
300 |a 426 p. 
650 0 0 |a Church and social problems  |x History. 
650 0 0 |a Church history. 
852 |a INST  |b RHODES  |e 20000320  |h 261.83 TRO  |p 005400011454  |q 005400011454  |t BK  |y 0 
901 |a BIBL4-2000-1 
909 |a Ρ  |b 046459 
922 |a 4ΕΛΗ  |b 199512  |c ΧΙΩΤΑΚΗΣ  |d ΚΩΣΤΑΡΑΚΗΣ 
970 |a ΚΟΥΛΑΚΙΟΤΗ  |b ΛΙΤΣΑ  |z 2000/03/20